000 00288nam a2200097Ia 4500
005 20251222114411.0
008 251222s1900||||xx |||||||||||||| ||spa||
082 _aDVD0195/U61E/2001
245 0 _aSeminario "El SeƱor de los Milagros en la identidad peruana: Cultura, fe y vida":
942 _cDVD
999 _c2024
_d2024